[Event "SVK-ch U14 Girls"]
[Site "Tatralandia"]
[Date "2024.04.08"]
[Round "5"]
[White "Koscelnikova, Monika"]
[Black "Kovarova, Zuzana"]
[Result "1-0"]
[WhiteElo "1602"]
[BlackElo "1549"]
[PlyCount "96"]
[EventDate "2024.04.05"]
[EventType "swiss"]
[EventRounds "9"]
[EventCountry "SVK"]
[SourceTitle "CB16_2024"]
[SourceDate "2024.04.17"]
[SourceVersion "1"]
[SourceVersionDate "2024.04.17"]
[SourceQuality "1"]

1. Nf3 d5 2. d4 Nf6 3. g3 Bf5 4. Bg2 e6 5. Nbd2 h6 6. b3 Nbd7 7. Bb2 Be7 8. 0-0 0-0 9. c4 c6 10. Re1 Bb4 11. a3 Ba5 12. b4 Bc7 13. Nh4 Bh7 14. f4 b6 15. Qb3 Ne4 16. Nxe4 Bxe4 17. Bxe4 dxe4 18. Qa4 Bxf4 19. Qxc6 Be3+ 20. Kh1 Nf6 21. d5 Rc8 22. Bxf6 Qxf6 23. Qb5 exd5 24. Qxd5 Qc6 25. Nf5 Bg5 26. h4 Bf6 27. Rac1 Rfd8 28. Qxc6 Rxc6 29. Rc2 Kh7 30. Rec1 g6 31. Ne3 Bd4 32. Nd5 b5 33. Ne7 Rxc4 34. Rxc4 bxc4 35. Rxc4 Rd7 36. Nc6 Bb2 37. a4 Rc7 38. b5 e3 39. a5 Rb7 40. Rb4 Bc3 41. Rb3 Bd2 42. b6 Bxa5 43. bxa7 Rxb3 44. a8Q Rb2 45. Qxa5 Rxe2 46. Qc3 f5 47. Nd4 f4 48. Nxe2 f3 1-0

[Event "SVK-ch U14 Girls"]
[Site "Tatralandia"]
[Date "2024.04.07"]
[Round "3"]
[White "Koscelnikova, Monika"]
[Black "Spisiakova, Viktoria"]
[Result "1-0"]
[WhiteElo "1602"]
[BlackElo "1089"]
[PlyCount "37"]
[EventDate "2024.04.05"]
[EventType "swiss"]
[EventRounds "9"]
[EventCountry "SVK"]
[SourceTitle "CB16_2024"]
[SourceDate "2024.04.17"]
[SourceVersion "1"]
[SourceVersionDate "2024.04.17"]
[SourceQuality "1"]

1. Nf3 Nf6 2. d4 d5 3. g3 Bf5 4. Bg2 e6 5. 0-0 Bd6 6. b3 0-0 7. Bb2 Nc6 8. Nbd2 h6 9. c4 dxc4 10. Nxc4 a6 11. Nfd2 Qd7 12. e4 Bxe4 13. Nxe4 Nxe4 14. Bxe4 Rfe8 15. Ne5 Bxe5 16. dxe5 Qc8 17. Qc2 Kf8 18. Bxc6 bxc6 19. Qh7 1-0

[Event "Lesnica Pieniny op"]
[Site "Lesnica"]
[Date "2024.03.22"]
[Round "3"]
[White "Koscelnikova, Monika"]
[Black "Lajdamik, Kinga"]
[Result "0-1"]
[WhiteElo "1605"]
[BlackElo "1759"]
[PlyCount "58"]
[EventDate "2024.03.21"]
[EventType "swiss"]
[EventRounds "7"]
[EventCountry "SVK"]
[SourceTitle "CB13_2024"]
[SourceDate "2024.03.27"]
[SourceVersion "1"]
[SourceVersionDate "2024.03.27"]
[SourceQuality "1"]

1. Nf3 Nf6 2. d4 e6 3. c4 Bb4+ 4. Nbd2 b6 5. g3 Bb7 6. Bg2 0-0 7. 0-0 Bxd2 8. Bxd2 d6 9. Re1 Nbd7 10. Qc2 c5 11. e3 Qc7 12. b4 Ne4 13. Rac1 f5 14. Bc3 Ndf6 15. Nd2 Rae8 16. f3 Ng5 17. h4 Nf7 18. dxc5 dxc5 19. Bxf6 gxf6 20. a3 Qxg3 21. e4 Ne5 22. exf5 Bxf3 23. Ne4 Qxg2+ 24. Qxg2+ Bxg2 25. Kxg2 Nd3 26. Nd6 Rd8 27. Rxe6 Nxc1 28. Ne4 Kg7 29. bxc5 Nd3 0-1

[Event "EU-ch U12 Girls 31st"]
[Site "Mamaia"]
[Date "2023.09.05"]
[Round "1"]
[White "Koscelnikova, Monika"]
[Black "Tokarz, Gabriela"]
[Result "0-1"]
[WhiteElo "1271"]
[BlackElo "1627"]
[PlyCount "94"]
[EventDate "2023.09.05"]
[EventType "swiss"]
[EventRounds "9"]
[EventCountry "ROU"]
[SourceTitle "EXT 2024"]
[Source "ChessBase"]
[SourceDate "2023.10.10"]
[SourceVersion "1"]
[SourceVersionDate "2023.10.10"]
[SourceQuality "1"]

1. Nf3 Nf6 2. d4 e6 3. b3 d5 4. Bb2 Bd6 5. g3 0-0 6. Bg2 c6 7. 0-0 Qe7 8. Nbd2 Nbd7 9. c4 Ba3 10. Qc2 Bxb2 11. Qxb2 b6 12. Rfe1 Bb7 13. e4 Nxe4 14. Nxe4 dxe4 15. Rxe4 c5 16. Re2 cxd4 17. Qxd4 Rfd8 18. Qf4 Nc5 19. Ne5 g5 20. Qe3 Bxg2 21. Kxg2 Rac8 22. Kg1 f6 23. Nf3 Rd3 24. Qc1 Rxf3 25. Qc2 Rd8 26. Rb1 e5 27. a3 Ne6 28. Qe4 Rfd3 29. a4 Nc5 30. Qf5 Qe6 31. Qxe6+ Nxe6 32. Kg2 Rc3 33. Re3 Rxe3 34. fxe3 Rd3 35. Kf3 Kf7 36. Ke2 e4 37. Rd1 Nc5 38. b4 Rxd1 39. Kxd1 Nd3 40. Kc2 Nxb4+ 41. Kc3 Nc6 42. c5 Ke6 43. Kc4 f5 44. cxb6 axb6 45. Kb5 Kd5 46. Kxb6 f4 47. gxf4 gxf4 0-1

[Event "SVK-ch U12 Girls"]
[Site "Dudince"]
[Date "2023.04.16"]
[Round "1"]
[White "Salokova, Stela"]
[Black "Koscelnikova, Monika"]
[Result "1/2-1/2"]
[WhiteElo "1079"]
[BlackElo "1279"]
[PlyCount "149"]
[EventDate "2023.04.16"]
[EventType "swiss"]
[EventRounds "9"]
[EventCountry "SVK"]
[SourceTitle "CBM 213 Extra"]
[Source "ChessBase"]
[SourceDate "2023.05.31"]
[SourceVersion "1"]
[SourceVersionDate "2023.05.31"]
[SourceQuality "1"]

1. e4 e6 2. d4 d5 3. Nc3 Bb4 4. Bd2 Bxc3 5. Bxc3 dxe4 6. d5 Nf6 7. dxe6 Bxe6 8. Qxd8+ Kxd8 9. 0-0-0+ Nbd7 10. Bxf6+ gxf6 11. Be2 Rg8 12. g3 c6 13. f3 exf3 14. Nxf3 Kc7 15. Rhf1 Rae8 16. Rf2 Bd5 17. Bd3 Bxf3 18. Rxf3 h6 19. Bf5 Ne5 20. Rf2 Rd8 21. Re1 Rd6 22. c4 c5 23. b3 Re8 24. Ree2 Red8 25. Kc2 Nc6 26. Kc3 a6 27. a3 b5 28. Be4 Kb6 29. Bd5 Ne5 30. Rb2 Rg8 31. Rf4 h5 32. Rf5 Rg5 33. Rbf2 a5 34. Rxf6 Kc7 35. Bxf7 Rd3+ 36. Kc2 bxc4 37. bxc4 Rxa3 38. Kb2 Re3 39. Ka2 Ng4 40. R2f5 Re2+ 41. Kb3 Re5 42. Rxe5 Rxe5 43. Ra6 Nxh2 44. Rxa5 Nf1 45. Ra6 Nxg3 46. Rh6 Kd7 47. Ka4 Ke7 48. Bd5 Rf5 49. Kb5 Rf6 50. Rh7+ Kd6 51. Ra7 Ke5 52. Kxc5 Ne4+ 53. Kb4 Kd4 54. Bxe4 Kxe4 55. Re7+ Kd4 56. c5 Kd5 57. Rg7 Kc6 58. Rg5 Rh6 59. Rg1 h4 60. Ra1 Kb7 61. Kb5 h3 62. Rg1 Rh7 63. c6+ Kc7 64. Ra1 Kb8 65. Kb6 h2 66. Rf1 Rh8 67. c7+ Kc8 68. Rh1 Rh6+ 69. Kc5 Kxc7 70. Kd4 Kd6 71. Ke3 Ke5 72. Kf2 Kf4 73. Kg2 Kg4 74. Rxh2 Rxh2+ 75. Kxh2 1/2-1/2

[Event "SVK-ch U12 Girls"]
[Site "Stara Lubovna"]
[Date "2022.05.24"]
[Round "4"]
[White "Koscelnikova, Monika"]
[Black "Hasalova, Michaela"]
[Result "1-0"]
[WhiteElo "1225"]
[BlackElo "1020"]
[PlyCount "45"]
[EventDate "2022.05.21"]
[EventType "tourn"]
[EventRounds "7"]
[EventCountry "SVK"]
[SourceTitle "CBM 208 Extra"]
[Source "ChessBase"]
[SourceDate "2022.07.31"]
[SourceVersion "1"]
[SourceVersionDate "2022.07.31"]
[SourceQuality "1"]

1. e4 e5 2. Nf3 Nc6 3. Bb5 d6 4. d4 a6 5. Bxc6+ bxc6 6. dxe5 dxe5 7. Qxd8+ Kxd8 8. Nxe5 Be6 9. Nxc6+ Kd7 10. Ne5+ Kd6 11. Bf4 Ke7 12. Nc3 f6 13. Nc6+ Kd7 14. Nd4 Bc5 15. Nxe6 Kxe6 16. Bxc7 Rc8 17. Bg3 Kf7 18. 0-0-0 Nh6 19. Rd7+ Ke6 20. Rhd1 Rhg8 21. Ne2 Ng4 22. Bc7 Nxf2 23. Nf4# 1-0

[Event "SVK-ch U10 Girls"]
[Site "Stara Lubovna"]
[Date "2021.06.28"]
[Round "4"]
[White "Koscelnikova, Monika"]
[Black "Polackova, Eva"]
[Result "1-0"]
[WhiteElo "1206"]
[BlackElo "1260"]
[PlyCount "51"]
[EventDate "2021.06.26"]
[EventType "swiss"]
[EventRounds "9"]
[EventCountry "SVK"]
[SourceTitle "CBM 203 Extra"]
[Source "ChessBase"]
[SourceDate "2021.09.30"]
[SourceVersion "1"]
[SourceVersionDate "2021.09.30"]
[SourceQuality "1"]

1. e4 c6 2. d4 d5 3. exd5 cxd5 4. Bd3 Nc6 5. c3 Qc7 6. Ne2 e6 7. Bf4 Bd6 8. Bxd6 Qxd6 9. 0-0 Nf6 10. Nd2 0-0 11. f4 Nh5 12. Qc2 Nf6 13. Nf3 a6 14. Ng5 h6 15. Nh7 Nxh7 16. Bxh7+ Kh8 17. Bd3 b5 18. a3 Na5 19. Ng3 Nc4 20. Qf2 Bb7 21. f5 e5 22. f6 g6 23. Bxc4 dxc4 24. Qe3 exd4 25. Qxh6+ Kg8 26. Qg7# 1-0

[Event "SVK-ch U10 Girls"]
[Site "Stara Lubovna"]
[Date "2021.06.27"]
[Round "2"]
[White "Koscelnikova, Monika"]
[Black "Gondekova, Emma"]
[Result "1-0"]
[WhiteElo "1206"]
[BlackElo "1393"]
[PlyCount "31"]
[EventDate "2021.06.26"]
[EventType "swiss"]
[EventRounds "9"]
[EventCountry "SVK"]
[SourceTitle "CBM 203 Extra"]
[Source "ChessBase"]
[SourceDate "2021.09.30"]
[SourceVersion "1"]
[SourceVersionDate "2021.09.30"]
[SourceQuality "1"]

1. e4 e5 2. Nf3 Nc6 3. Nc3 Nf6 4. Bb5 Bc5 5. Nxe5 Nxe5 6. d4 Qe7 7. dxc5 Qxc5 8. Be3 Qb4 9. Qd4 Qe7 10. 0-0-0 0-0 11. Bf4 d6 12. Bxe5 dxe5 13. Nd5 Nxd5 14. Qxd5 Rd8 15. Qxd8+ Qxd8 16. Rxd8# 1-0

[Event "SVK League Cup 1st"]
[Site "Tornelo INT"]
[Date "2021.04.04"]
[Round "4"]
[White "Kluska, David"]
[Black "Koscelnikova, Monika"]
[Result "1-0"]
[WhiteElo "1086"]
[BlackElo "1206"]
[PlyCount "87"]
[EventDate "2021.03.27"]
[EventType "swiss"]
[EventRounds "8"]
[EventCountry "SVK"]
[SourceTitle "EXT 2022"]
[Source "ChessBase"]
[SourceDate "2021.10.06"]
[SourceVersion "1"]
[SourceVersionDate "2021.10.06"]
[SourceQuality "1"]

1. e4 e5 2. Nf3 Nc6 3. Bb5 d6 4. 0-0 Nf6 5. Nc3 Be7 6. d3 Bg4 7. Qe2 Qd7 8. Re1 a6 9. Bxc6 Qxc6 10. Qe3 b6 11. h3 Bh5 12. Bd2 0-0-0 13. a4 Nd7 14. b4 Rhf8 15. b5 Qb7 16. bxa6 Qxa6 17. Nb5 f5 18. Reb1 Bxf3 19. Qxf3 c6 20. Nc3 fxe4 21. Qxe4 Qb7 22. a5 h6 23. a6 Qa8 24. Nb5 Nc5 25. Qg4+ Rd7 26. Nxd6+ Kc7 27. Nc4 Rd4 28. Qg3 Bf6 29. Nxb6 Qe8 30. a7 Rd8 31. a8Q Rxa8 32. Rxa8 Qe7 33. Ra7+ Nb7 34. Nd5+ cxd5 35. Rbxb7+ Kd6 36. Bb4+ Ke6 37. Qg4+ Kf7 38. Bxe7 Bxe7 39. Rxe7+ Kf6 40. Qxg7+ Kf5 41. Qxf8+ Kg5 42. Rg7+ Kh5 43. Qf5+ Kh4 44. Qg4# 1-0

[Event "SVK-ch U10 Girls"]
[Site "Lubovna"]
[Date "2020.08.22"]
[Round "10"]
[White "Morova, Jaroslava"]
[Black "Koscelnikova, Monika"]
[Result "1-0"]
[WhiteElo "1000"]
[BlackElo "1069"]
[PlyCount "67"]
[EventDate "2020.08.15"]
[EventType "tourn"]
[EventRounds "10"]
[EventCountry "SVK"]
[SourceTitle "EXT 2021"]
[Source "ChessBase"]
[SourceDate "2020.10.23"]
[SourceVersion "1"]
[SourceVersionDate "2020.10.23"]
[SourceQuality "1"]

1. d4 d5 2. Bf4 Nc6 3. Nf3 Nf6 4. e3 Bf5 5. c3 e6 6. Be2 Bd6 7. 0-0 0-0 8. Re1 Ne4 9. Bd3 Qf6 10. Nbd2 Qg6 11. Nh4 Qf6 12. Nxf5 Qxf5 13. f3 e5 14. fxe4 dxe4 15. Bxe4 Qf6 16. Bg3 exd4 17. exd4 Bxg3 18. hxg3 Qg5 19. Bb1 Qxg3 20. Nf3 f5 21. Bc2 Rf6 22. Re2 Raf8 23. Re3 Rg6 24. Qe2 Rgf6 25. Re8 a6 26. Rxf8+ Kxf8 27. Re1 g5 28. Qe8+ Kg7 29. Qd7+ Kh6 30. Bxf5 Rxf5 31. Qxf5 Kh5 32. Qxh7+ Kg4 33. Re4+ Qf4 34. Qh3# 1-0

[Event "SVK-ch U08 Girls"]
[Site "Liptovsky Mikulas"]
[Date "2019.04.24"]
[Round "3"]
[White "Cabakova, Adela"]
[Black "Koscelnikova, Monika"]
[Result "0-1"]
[WhiteElo "1000"]
[BlackElo "1000"]
[PlyCount "34"]
[EventDate "2019.04.23"]
[EventType "tourn"]
[EventRounds "10"]
[EventCountry "SVK"]
[SourceTitle "CBM 190 Extra"]
[Source "ChessBase"]
[SourceDate "2019.07.15"]
[SourceVersion "1"]
[SourceVersionDate "2019.07.15"]
[SourceQuality "1"]

1. e4 e5 2. Nf3 Nc6 3. Nc3 Nf6 4. Bc4 Bc5 5. 0-0 0-0 6. d3 d6 7. Bg5 Bg4 8. Nd5 Nd4 9. Nxf6+ gxf6 10. Bh6 Re8 11. h3 Nxf3+ 12. gxf3 Bxh3 13. Re1 f5 14. Kh2 Qh4 15. Bd2 Bxf2 16. Rf1 Qg3+ 17. Kh1 Qg2# 0-1

[Event "SVK-ch U08 Girls"]
[Site "Liptovsky Mikulas"]
[Date "2019.04.24"]
[Round "2"]
[White "Koscelnikova, Monika"]
[Black "Magdova, Lucia"]
[Result "0-1"]
[WhiteElo "1000"]
[BlackElo "1000"]
[PlyCount "126"]
[EventDate "2019.04.23"]
[EventType "tourn"]
[EventRounds "10"]
[EventCountry "SVK"]
[SourceTitle "CBM 190 Extra"]
[Source "ChessBase"]
[SourceDate "2019.07.15"]
[SourceVersion "1"]
[SourceVersionDate "2019.07.15"]
[SourceQuality "1"]

1. e4 e5 2. Bc4 Bc5 3. Nf3 d6 4. Nc3 Bg4 5. 0-0 Qf6 6. Bb5+ Nc6 7. d3 Bxf3 8. Ne2 Bxe2 9. Qxe2 Nge7 10. Bg5 Qg6 11. Qg4 0-0 12. Bc4 Na5 13. Qh4 Nxc4 14. dxc4 h6 15. Bxe7 Rfe8 16. Kh1 Qe6 17. Bg5 hxg5 18. Qxg5 Qg6 19. Qh4 d5 20. exd5 Be7 21. Qh3 Qxc2 22. b3 Qg6 23. Rae1 Bd6 24. Qh4 e4 25. Re3 Qf5 26. g4 Qe5 27. Rh3 Kf8 28. g5 Rad8 29. f3 exf3 30. Rhxf3 Ke7 31. g6+ Kd7 32. Qg4+ f5 33. Qxf5+ Qxf5 34. Rxf5 Kc8 35. a3 Re7 36. a4 Rde8 37. a5 Re1 38. a6 bxa6 39. Kg1 R8e2 40. Rxe1 Rxe1+ 41. Kg2 Re2+ 42. Kh3 a5 43. Rf7 Be5 44. Rf8+ Kb7 45. Rg8 Rb2 46. Kg4 Rxb3 47. Kf5 Bb2 48. c5 a4 49. c6+ Kb6 50. Rb8+ Kc5 51. Ke6 Rxb8 52. h4 a3 53. d6 cxd6 54. c7 Rc8 55. Kd7 Rxc7+ 56. Kxc7 a2 57. h5 a1Q 58. h6 gxh6 59. g7 Qg1 60. g8Q Qxg8 61. Kb7 Qg7+ 62. Ka6 Bc1 63. Ka5 Qa1# 0-1